000 00460nam a2200181Ia 4500
005 20240823012422.0
008 240823s9999||||xx |||||||||||||| ||und||
041 _aENGLISH
082 _A621.3 P3
100 _aBakshi U A
245 0 _aElectrical Engineering (Anna University)
250 _a2nd
260 _c2003
_b"Technical,Ch"
_aPune
500 _aTRANSFERED
650 _aElectrical Engineering
_bElectrical
700 _a Bakshi V U
942 _cBK
999 _c164353
_d164353